Popper's legacy (Record no. 123141)
[ view plain ]
| 000 -LEADER | |
|---|---|
| fixed length control field | 01243nam a2200313 a 4500 |
| 100 1# - MAIN ENTRY--AUTHOR NAME | |
| Personal name | Sassower, Raphael. |
| 245 10 - TITLE STATEMENT | |
| Title | Popper's legacy |
| 260 ## - PUBLICATION, DISTRIBUTION, ETC. (IMPRINT) | |
| Place of publication | Stocksfield : |
| Name of publisher | Acumen, |
| Year of publication | 2006. |
| 300 ## - PHYSICAL DESCRIPTION | |
| Number of Pages | vii, 151p. |
| 856 40 - ELECTRONIC LOCATION AND ACCESS | |
| Uniform Resource Identifier | http://site.ebrary.com/lib/rucke/Doc?id=10455575 |
No items available.
